000 00811nam a22002417a 4500
003 DO-SdBNP
005 20240702120928.0
008 150929b 2006 cla00| 0 spa d
020 _a9972209083
040 _aBPMSU
_bspa
_cBPMSU
082 4 _a220.88
_bQ7g 2006
_222
100 1 _aQuintero Q, Héctro Rangel
245 1 3 _aLa gran biblia de los niños /
_cHéctor Grangel Quintero Q : Diana E. Oliveros Fortiche dirección editorial
260 _aLima, Perú :
_bLexus,
_82006.
300 _a199 p. :
_bil., + DVD ;
_c32 cm.
650 4 _aBiblia
_xLiteratura infantil
650 4 _aLibros infantiles ilustrados
700 1 _aOliveros Fortiche, Diana E.,
_edirerección
700 1 _aOrduz Robles, Sergio F.,
_eilustraciones
710 2 _aLexus
910 _aVMateo V. Control de calidad. BPMSU
942 _2ddc
_cBK
999 _c8301
_d8301